| 000 | 00433nam a22001697a 4500 | ||
|---|---|---|---|
| 003 | CEME | ||
| 005 | 20210628202225.0 | ||
| 008 | 210317b xxu||||| |||| 00| 0 eng d | ||
| 020 | _a4-431-70092-7 | ||
| 040 | _c. | ||
| 082 | _a591.19 SUG'H | ||
| 100 |
_aWatabe, N Suga, S _958840 |
||
| 245 | _aHard tissue mineralization and demineralization | ||
| 260 |
_aTOKYO _bSPRINGER-VERLAG _c1992 |
||
| 300 | _aVIII,197P | ||
| 942 |
_cBK _2ddc |
||
| 999 |
_c568943 _d568943 |
||